|
|
|
|
| LEADER |
02828nam a22004695i 4500 |
| 001 |
978-3-540-32526-0 |
| 003 |
DE-He213 |
| 005 |
20150519192334.0 |
| 007 |
cr nn 008mamaa |
| 008 |
100301s2006 gw | s |||| 0|eng d |
| 020 |
|
|
|a 9783540325260
|9 978-3-540-32526-0
|
| 024 |
7 |
|
|a 10.1007/11497158
|2 doi
|
| 040 |
|
|
|d GrThAP
|
| 050 |
|
4 |
|a QR1-502
|
| 072 |
|
7 |
|a PSG
|2 bicssc
|
| 072 |
|
7 |
|a SCI045000
|2 bisacsh
|
| 082 |
0 |
4 |
|a 579
|2 23
|
| 245 |
1 |
0 |
|a Complex Intracellular Structures in Prokaryotes
|h [electronic resource] /
|c edited by Jessup M. Shively.
|
| 264 |
|
1 |
|a Berlin, Heidelberg :
|b Springer Berlin Heidelberg :
|b Imprint: Springer,
|c 2006.
|
| 300 |
|
|
|a VIII, 379 p. 85 illus., 23 in color. Also available online.
|b online resource.
|
| 336 |
|
|
|a text
|b txt
|2 rdacontent
|
| 337 |
|
|
|a computer
|b c
|2 rdamedia
|
| 338 |
|
|
|a online resource
|b cr
|2 rdacarrier
|
| 347 |
|
|
|a text file
|b PDF
|2 rda
|
| 490 |
1 |
|
|a Microbiology Monographs,
|x 1862-5576 ;
|v 2
|
| 505 |
0 |
|
|a Complex Intracellular Structures in Prokaryotes -- Prokaryote Complex Intracellular Structures: Descriptions and Discoveries -- Proteasomes and Other Nanocompartmentalized Proteases of Archaea -- Assembly and Disassembly of Phycobilisomes -- Chlorosomes: Antenna Organelles in Photosynthetic Green Bacteria -- Gas Vesicles of Archaea and Bacteria -- Carboxysomes and Carboxysome-like Inclusions -- Magnetosomes in Magnetotactic Bacteria -- Structure, Function and Formation of Bacterial Intracytoplasmic Membranes -- Membrane-bounded Nucleoids and Pirellulosomes of Planctomycetes -- Anammoxosomes of Anaerobic Ammonium-oxidizing Planctomycetes -- The Enigmatic Cytoarchitecture of Epulopiscium spp. -- Additional Complex Intracellular Structures -- Cytoskeletal Elements in Prokaryotes -- Cryo-electron Tomography Reveals the Architecture of a Bacterial Cytoskeleton -- Organization and Assembly of the Mycoplasma pneumoniae Attachment Organelle -- The Junctional Pore Complex: Molecular Motor of Microbial Motility -- Type III Secretion Systems: Bacterial Injection Devices for Microbe–Host Interactions -- Gas Vesicles in Actinomycetes: Not Simply a Case of Flotation in Water-Logged Soil -- Bacterial Endosymbionts in Prokaryotes.
|
| 650 |
|
0 |
|a Life sciences.
|
| 650 |
|
0 |
|a Biochemistry.
|
| 650 |
|
0 |
|a Microbiology.
|
| 650 |
|
0 |
|a Bacteriology.
|
| 650 |
1 |
4 |
|a Life Sciences.
|
| 650 |
2 |
4 |
|a Microbiology.
|
| 650 |
2 |
4 |
|a Bacteriology.
|
| 650 |
2 |
4 |
|a Biochemistry, general.
|
| 700 |
1 |
|
|a Shively, Jessup M.
|e editor.
|
| 710 |
2 |
|
|a SpringerLink (Online service)
|
| 773 |
0 |
|
|t Springer eBooks
|
| 776 |
0 |
8 |
|i Printed edition:
|z 9783540325246
|
| 830 |
|
0 |
|a Microbiology Monographs,
|x 1862-5576 ;
|v 2
|
| 856 |
4 |
0 |
|u http://dx.doi.org/10.1007/11497158
|z Full Text via HEAL-Link
|
| 912 |
|
|
|a ZDB-2-SBL
|
| 950 |
|
|
|a Biomedical and Life Sciences (Springer-11642)
|